Stratégia sociálno-ekonomického rozvoja

Salvato in:
Dettagli Bibliografici
Autore principale: Vincúr, Pavol
Altri autori: Fifeková, Elena, Alexy, Július, 1926-2024, Martincová, Marta, 1955-, Melišek, František
Natura: Libro
Lingua:slovacco
Pubblicazione: Bratislava Sprint dva 2010
Serie:Economics
Soggetti:
Tags: Aggiungi Tag
Nessun Tag, puoi essere il primo ad aggiungerne!!

MARC

LEADER 00000nam a2200000 4500
001 0113379
005 20240502072247.9
020 |a 978-80-89393-19-0 
041 0 |a slo 
044 |a SK 
245 1 0 |a Stratégia sociálno-ekonomického rozvoja  |c Pavol Vincúr, Elena Fifeková 
264 1 |a Bratislava  |b Sprint dva  |c 2010 
300 |a 188 s. [9,9 AH] 
490 1 |a Economics 
830 0 |a Economics 
610 2 0 |a rozvoj sociálno-ekonomický 
610 2 0 |a teórie rastu hospodárskeho 
610 2 0 |a teórie ekonomické 
610 2 0 |a stratégia hospodárska 
610 2 0 |a hospodárstvo svetové 
610 2 0 |a politika hospodárska 
610 2 0 |a Slovensko 
100 1 |a Vincúr, Pavol 
700 1 |a Fifeková, Elena 
700 1 |a Alexy, Július, 1926-2024 
700 1 |a Martincová, Marta, 1955- 
700 1 |a Melišek, František